|
|
|
|
| LEADER |
00000nab a2200000 a 4500 |
| 001 |
vtls000518820 |
| 003 |
SK-MaSNL |
| 005 |
20260304090217.0 |
| 008 |
250425c1994 xo 0 slo |
| 015 |
|
|
|a SNBRB19rr/mm-uuuuu
|
| 035 |
|
|
|a CL0518958
|
| 035 |
|
|
|a urn:nbn:sk:snk-abd10
|
| 035 |
|
|
|a (urnnbn)urn:nbn:sk:snk:ar-a047nb
|
| 035 |
|
|
|a (uuid)c17b185c-2644-4327-bcbc-7f189719d6e3
|
| 040 |
|
|
|a SNKBUCL
|b slo
|c SNKBUCL
|e AACR2
|
| 041 |
0 |
|
|a eng
|
| 044 |
|
|
|a xo
|c SK
|
| 080 |
|
|
|a 539.12
|2 1981
|
| 100 |
1 |
|
|a Roche, Guy
|4 aut
|9 1380877
|
| 245 |
1 |
0 |
|a Dilepton production in nuclear collisions at intermediate energy
|c Guy Roche
|
| 300 |
|
|
|b Grafy 6, tab. 2, lit. 25 zázn. v angl., franc., nem.
|
| 650 |
0 |
7 |
|a dileptóny
|2 snkbucl
|9 1225661
|
| 650 |
0 |
7 |
|a kolízie jadrové
|2 snkbucl
|9 1380878
|
| 655 |
|
7 |
|a články z novín a časopisov
|2 snkbucl
|9 267496
|
| 773 |
0 |
|
|t Acta physica slovaca
|g Roč. 44, č. 2 (1994), s. 127-140
|x 0323-0465
|
| 850 |
|
|
|a Slovenská národná knižnica
|
| 852 |
|
|
|a Slovenská národná knižnica
|
| 958 |
|
|
|a article27
|
| 958 |
|
|
|a RK
|
| 958 |
|
|
|a NB
|
| 958 |
|
|
|a OND
|
| 958 |
|
|
|a EUIPO
|
| 992 |
|
|
|a RBX
|
| 999 |
|
|
|c 2810711
|d 2812641
|